书目信息 |
| 题名: |
黑客攻防从入门到精通
|
|
| 作者: | 武新华 , 李书梅 编著 | |
| 分册: | ||
| 出版信息: | 北京 机械工业出版社 2015 |
|
| 页数: | 298页 | |
| 开本: | 26cm | |
| 丛书名: | 学电脑从入门到精通 | |
| 单 册: | ||
| 中图分类: | TP393.08 | |
| 科图分类: | ||
| 主题词: | 计算机网络--Ji Suan Ji Wang Luo--安全技术 | |
| 电子资源: | ||
| ISBN: | 978-7-111-51162-5 | |
| 000 | 01173nam 2200289 450 | |
| 001 | 1670119905 | |
| 005 | 20151109090519.9 | |
| 010 | @a978-7-111-51162-5@dCNY49.00 | |
| 100 | @a20151104d2015 em y0chiy0120 ea | |
| 101 | 0 | @achi |
| 102 | @aCN@b110000 | |
| 105 | @aa z 000yy | |
| 106 | @ar | |
| 200 | 1 | @a黑客攻防从入门到精通@AHei Ke Gong Fang Cong Ru Men Dao Jing Tong@e智能终端版@f武新华, 李书梅编著 |
| 210 | @a北京@c机械工业出版社@d2015 | |
| 215 | @a298页@c图@d26cm | |
| 225 | 2 | @a学电脑从入门到精通@AXue Dian Nao Cong Ru Men Dao Jing Tong |
| 300 | @a华章科技 | |
| 330 | @a本书在紧紧围绕移动黑客攻防展开,在剖析移动设备可能遇到的风险及解决办法的同时,力求对其进行简单明了的讲解,使读者系统地了解移动设备的防御体系,并能够更好地防范黑客的攻击。全书共分为13章,包括初识黑客、iOS操作系统、病毒与木马攻防等。 | |
| 333 | @a对移动设备安全有疑惑或者被移动设备恶意软件、病毒、木马困扰的用户。 | |
| 410 | 0 | @12001 @a学电脑从入门到精通 |
| 606 | 0 | @a计算机网络@AJi Suan Ji Wang Luo@x安全技术 |
| 690 | @aTP393.08@v5 | |
| 701 | 0 | @a武新华@AWu Xin Hua@4编著 |
| 701 | 0 | @a李书梅@ALi Shu Mei@4编著 |
| 801 | 0 | @aCN@b江苏新华@c20150511 |
| 905 | @aBZT@dTP393.08@e101 | |
| 黑客攻防从入门到精通:智能终端版/武新华, 李书梅编著.-北京:机械工业出版社,2015 |
| 298页:图;26cm.-(学电脑从入门到精通) |
| 华章科技.-使用对象:对移动设备安全有疑惑或者被移动设备恶意软件、病毒、木马困扰的用户。 |
| ISBN 978-7-111-51162-5:CNY49.00 |
| 本书在紧紧围绕移动黑客攻防展开,在剖析移动设备可能遇到的风险及解决办法的同时,力求对其进行简单明了的讲解,使读者系统地了解移动设备的防御体系,并能够更好地防范黑客的攻击。全书共分为13章,包括初识黑客、iOS操作系统、病毒与木马攻防等。 |
| ● |
| 相关链接 |
|
|
|
正题名:黑客攻防从入门到精通
索取号:TP393.08/101
 
预约/预借
| 序号 | 登录号 | 条形码 | 馆藏地/架位号 | 状态 | 备注 |
| 1 | 799926 | 2000799926 | 第二书库/ [索取号:TP393.08/101] | 在馆 | |
| 2 | 799927 | 2000799927 | 第二书库/ [索取号:TP393.08/101] | 在馆 | |
| 3 | 799928 | 2000799928 | 第二书库/ [索取号:TP393.08/101] | 在馆 |